A Comparative study on the physiological performance of young root trainer and polybag plants of Hevea brasiliensis (Record no. 74357)

MARC details
000 -LEADER
fixed length control field 00525nam a2200145Ia 4500
100 ## - MAIN ENTRY--AUTHOR NAME
Personal name Sonam, S.K.
245 #2 - TITLE STATEMENT
Title A Comparative study on the physiological performance of young root trainer and polybag plants of Hevea brasiliensis
260 ## - PUBLICATION, DISTRIBUTION, ETC. (IMPRINT)
Name of publisher Mahatma Gandhi University
Place of publication Kottayam
Year of publication 2012
500 ## - GENERAL NOTE
General note Copy not available, Details from PHysiology Dvn
500 ## - GENERAL NOTE
General note Course: MSc Biophy
700 ## - ADDED ENTRY--PERSONAL NAME
Personal name Dr KV Sumesh
850 ## - HOLDING INSTITUTION
Holding institution Rubber Research Institute of India
942 ## - ADDED ENTRY ELEMENTS (KOHA)
Koha item type Theses
Holdings
Withdrawn status Lost status Damaged status Not for loan Collection code Home library Current library Shelving location Date acquired Koha item type
      Theses Dissertation RRII Library RRII Library Biophysics 31/12/2021 Theses